Davies on contract

'Davies on Contract' introduces contract law, breaking the subject down into its component parts and providing an explanation of each area. This edition has been extensively rewritten and restructured to reflect the changes in the way that contract law is presently taught

Saved in:
Bibliographic Details
Main Author: Upex, Robert
Other Authors: Bennett, Geoffrey, Chuah, Jason
Format: Book
Published: London: c2004. Sweet & Maxwell,
Edition:9th ed.
Subjects:
Tags: Add Tag
No Tags, Be the first to tag this record!

MARC

LEADER 00000nam a2200000 4500
005 20251001122417.0
020 |a 0421830603  |c TZS 63,632/= 
040 |a MCCL  |b eng.  |e AACR 2nd. rev. ed. 
082 |a 346.02 UPE 
100 |a Upex, Robert 
245 |a  Davies on contract  |c / R. V. Upex, Geoffrey Bennett, Jason Chuah. 
250 |a 9th ed. 
260 |a London:  |c Sweet & Maxwell,  |b c2004. 
300 |a  xxvi, 309 p. ;  |c 22 cm. 
505 |a Making the agreement. What is within the agreement. Defects in the agreement. Who is within the agreement. Ending the agreement. 
520 |a 'Davies on Contract' introduces contract law, breaking the subject down into its component parts and providing an explanation of each area. This edition has been extensively rewritten and restructured to reflect the changes in the way that contract law is presently taught 
546 |a eng. 
650 |a Contract 
700 |a Bennett, Geoffrey 
700 |a  Chuah, Jason 
942 |c BK 
999 |c 11527  |d 11527